000 00586nam a2200229Ia 4500
003 OSt
005 20221005125517.0
006 a|||||r|||| 00| 0
007 ta
008 221004b |||||||| |||| 00| 0 eng d
024 _a53626
037 _cTextual
040 _aCRL
_cCRL
_beng
041 _2eng
_aeng
082 _aRv1:N3, J6
100 _aUrmson J.O.
245 0 _aPhilosophical analysis
_bIts development between the two world wars.
260 _c1956
650 _aPHILOSOPHY
942 _hRv1:N3, J6
_cTEXL
_2cc
999 _c1054244
_d1054244